000 00665nam a2200133Ia 4500
008 220615s9999||||xx |||||||||||||| ||und||
020 _a9782890000000
245 0 _aNovel Imaging Techniques in the Management of Thyroid Nodules and Autoimmune Thyroid Disease
546 _aEnglish[eng]
650 _athyroid nodules||thyroid cancer||Graves Disease||subacute thyroiditis||autoimmune thyroid disease
700 _aRuchala, Marek||Klubo-Gwiezdzinska, Joanna||Szczepanek-Parulska, Ewelina
856 _uhttps://www.frontiersin.org/research-topics/8450/novel-imaging-techniques-in-the-management-of-thyroid-nodules-and-autoimmune-thyroid-disease#articles
942 _cEB
999 _c13128
_d13128